[Event "Centrocoop op"]
[Site "Eforie Nord"]
[Date "2000.??.??"]
[Round "?"]
[White "Chouganov, Jurij"]
[Black "Grunberg, Mihai Lucian"]
[Result "1/2-1/2"]
[WhiteElo "2175"]
[BlackElo "2400"]
[PlyCount "90"]
[EventDate "2000.??.??"]
[EventType "swiss"]
[EventRounds "9"]
[EventCountry "ROU"]
[SourceTitle "EXT 2004"]
[Source "ChessBase"]
[SourceDate "2003.11.25"]
[SourceVersion "1"]
[SourceVersionDate "2003.11.25"]
[SourceQuality "1"]

1. d4 f5 2. Nf3 Nf6 3. c4 g6 4. Nc3 Bg7 5. Bf4 0-0 6. Qd2 c6 7. Bh6 Ne4 8. Nxe4 fxe4 9. Bxg7 Kxg7 10. Ng5 d5 11. h4 h6 12. Nh3 Qd6 13. a3 Qf6 14. e3 Qxh4 15. g3 Qh5 16. Bg2 Bxh3 17. Rxh3 Qf5 18. Rh2 Na6 19. Bf1 Rad8 20. c5 Nc7 21. Qa5 Ne6 22. Bh3 Qh5 23. Rh1 Qf3 24. Rh2 Ng5 25. Bf1 Qf6 26. Be2 b6 27. Qc3 bxc5 28. Qxc5 Rb8 29. b4 Rb6 30. Qa5 Ra8 31. Kf1 e5 32. Rd1 exd4 33. Rxd4 Ne6 34. Rd1 Nd8 35. Qc5 Nb7 36. Qc2 Nd6 37. Kg1 Nb5 38. Bxb5 Rxb5 39. Rc1 Rc8 40. Qa4 Rc7 41. Qxb5 cxb5 42. Rxc7+ Kg8 43. Rxh6 d4 44. exd4 e3 45. fxe3 Qg5 1/2-1/2

[Event "Centrocoop op"]
[Site "Eforie Nord"]
[Date "2000.??.??"]
[Round "?"]
[White "Chouganov, Jurij"]
[Black "Moroianu, George"]
[Result "1-0"]
[WhiteElo "2175"]
[BlackElo "1660"]
[PlyCount "65"]
[EventDate "2000.??.??"]
[EventType "swiss"]
[EventRounds "9"]
[EventCountry "ROU"]
[SourceTitle "EXT 2004"]
[Source "ChessBase"]
[SourceDate "2003.11.25"]
[SourceVersion "1"]
[SourceVersionDate "2003.11.25"]
[SourceQuality "1"]

1. Nf3 Nf6 2. g3 g6 3. Bg2 Bg7 4. 0-0 0-0 5. d4 d5 6. c4 c6 7. cxd5 cxd5 8. Nc3 Nc6 9. Ne5 a6 10. f4 Bf5 11. e3 Rc8 12. Qb3 Na5 13. Qb4 e6 14. Bd2 b6 15. b3 Nc6 16. Qa4 Nb8 17. Qa3 Re8 18. Qb2 Bf8 19. a3 a5 20. Rfc1 Nbd7 21. Bf1 Nxe5 22. fxe5 Ne4 23. Nxe4 Bxe4 24. Rxc8 Qxc8 25. Rc1 Qd8 26. Bb5 Re7 27. Qc3 Ra7 28. Qc8 Qe7 29. b4 a4 30. Qe8 Qg5 31. Rc8 Qh6 32. h3 Rc7 33. Rxc7 1-0

[Event "Centrocoop op"]
[Site "Eforie Nord"]
[Date "2000.??.??"]
[Round "?"]
[White "Gartung, Oleg"]
[Black "Chouganov, Jurij"]
[Result "0-1"]
[WhiteElo "1650"]
[BlackElo "2175"]
[PlyCount "66"]
[EventDate "2000.??.??"]
[EventType "swiss"]
[EventRounds "9"]
[EventCountry "ROU"]
[SourceTitle "EXT 2004"]
[Source "ChessBase"]
[SourceDate "2003.11.25"]
[SourceVersion "1"]
[SourceVersionDate "2003.11.25"]
[SourceQuality "1"]

1. e4 c6 2. d4 d5 3. e5 Bf5 4. Nf3 Qb6 5. Be2 a6 6. 0-0 e6 7. a3 c5 8. c4 dxc4 9. Bxc4 Nc6 10. d5 0-0-0 11. Nc3 Na5 12. Na4 Qc7 13. Ba2 exd5 14. Bxd5 Be4 15. Nc3 Bxd5 16. Nxd5 Qc6 17. Qe1 Nb3 18. Ne3 Nxa1 19. b4 c4 20. Bb2 Nb3 21. Nf5 Ne7 22. Nd6+ Rxd6 23. exd6 Qxd6 24. Qe4 Qe6 25. Qc2 Nc6 26. Re1 Nbd4 27. Rxe6 Nxc2 28. Re2 c3 29. Bc1 N2d4 30. Re3 Nxf3+ 31. Rxf3 Be7 32. Rxc3 Bf6 33. Rc4 Rd8 0-1